000 00577nam a2200205Ia 4500
005 20250923145642.0
008 008 250917s9999 xx 000 0 eng d
037 _aTextual
040 _aDSWL
_beng
_cDSWL
041 _aeng
_2eng
084 _aB28, N81
_qDSWL
100 _aMustafi, C.K.
_9837583
245 0 _aStatistical Methods in Managerial Decisions
_c by C.K.Mustafi
260 _aNew Delhi
_bDelhi Macmillan
_c1981
300 _axi,344 p.
365 _aINR
_b90.00
925 _g90.00
942 _cTEXL
_hB28, N81
999 _c1453957
_d1453957